Największe miasto według rzeki - Polska. - Statystyki

Ogólne statystyki
  • Ten quiz został rozwiązany 88 razy
  • Średni wynik to 12 z 25
Statystyki odpowiedzi
Hint Odpowiedź % Poprawnych
Wisła Warszawa
99%
Odra Wrocław
95%
Warta Poznań
93%
Brda Bydgoszcz
73%
Wisłok Rzeszów
66%
Narew Łomża
60%
Słupia Słupsk
60%
Łyna Olsztyn
58%
Ner Łódź
54%
Nysa Łużycka Zgorzelec
48%
Bóbr Jelenia Góra
46%
Nysa Kłodzka Nysa
40%
Gwda Piła
40%
Parsęta Kołobrzeg
39%
Prosna Kalisz
38%
Pilica Tomaszów Mazowiecki
36%
Bug Wyszków
35%
Krzna Biała Podlaska
33%
Wisłoka Mielec
29%
Ina Stargard
26%
Pasłęka Braniewo
23%
Barycz Milicz
23%
Netta Augustów
21%
Kamienna Ostrowiec Świętokrzyski
21%
Nida Pińczów
20%
Nie znaleziono quizów pasujących do podanych kryteriów
Rozkład punktacji
Procent ludzi z każdym wynikiem
Percentyl według liczby udzielonych odpowiedzi
Twoja historia wyników
Nie rozwiązałeś tego quizu